[Event "York ChessMates 12th"]
[Site "York"]
[Date "2025.03.23"]
[Round "5.5"]
[White "Noennig, Jakob1"]
[Black "Marsden, Samuel"]
[Result "1/2-1/2"]
[WhiteElo "2030"]
[BlackElo "2049"]
[PlyCount "81"]
[EventDate "2025.03.21"]
[EventType "team-swiss"]
[EventRounds "5"]
[EventCountry "ENG"]
[SourceTitle "CB13_2025"]
[SourceDate "2025.03.26"]
[SourceVersion "1"]
[SourceVersionDate "2025.03.26"]
[SourceQuality "1"]
[WhiteTeam "Sachsen Anhalt"]
[BlackTeam "England"]
[WhiteTeamCountry "GER"]
[BlackTeamCountry "ENG"]

1. e4 c5 2. Nf3 Nc6 3. d4 cxd4 4. Nxd4 g6 5. Nc3 Bg7 6. Be3 Nf6 7. Bc4 0-0 8. Bb3 Re8 9. 0-0 d6 10. h3 a6 11. f4 Qc7 12. Nxc6 bxc6 13. Qf3 Nd7 14. Rad1 e6 15. Qf2 Nf8 16. Bb6 Qe7 17. e5 d5 18. Na4 Qb7 19. c4 Nd7 20. c5 Bf8 21. Bc2 a5 22. Qd4 Nxb6 23. Nxb6 Rb8 24. Na4 Qb4 25. Rf3 Qxd4+ 26. Rxd4 Ba6 27. Rc3 Bc4 28. b3 Bb5 29. Nb2 f6 30. exf6 Kf7 31. a4 Ba6 32. Bd3 Bxd3 33. Nxd3 Kxf6 34. Ne5 Kg7 35. Nd7 Rb7 36. Ne5 Rc8 37. Kf2 Be7 38. Ke2 Bf6 39. Rf3 Be7 40. Rc3 Bf6 41. Rf3 1/2-1/2